00793 2200301 4500001002100000005001500021035002000036245007000056100000900126250000600135300003400141700001600175260005800191082001000249084001600259020002200275650002400297990001700321990001700338990001700355990001700372990001700389990001700406990001700423990001700440990001700457990001700474INLIS00000000000020320180911034736 a0010-09180000571 aAyo Berkreasi :bMembuat Boneka Kayu /cTina; Editor, Edi Warsidi0 aTina a- av, 58 hlm. :bilus. ;c21 cm.0 aEdi Warsidi aBandung :bPT Globalindo Universal Multikreasi,c2009 a745.5 a745.5 TIN a a978-979-749-086-7 aKeterampilan Tangan a00874/P/2018 a00875/P/2018 a00876/P/2018 a00877/P/2018 a03934/P/2018 a03934/P/2018 a00874/P/2018 a00875/P/2018 a00876/P/2018 a00877/P/2018